000 00307nam a2200121Ia 4500
008 190216s9999||||xx |||||||||||||| ||und||
100 _aAbdul Assis Koroth
245 0 _aManagement Information System
260 _bCalicut University Central Co-Operative
300 _a343
650 _aCommerce
942 _cBK
999 _c6785
_d6785